Plus Grandes Villes Autriche - Statistiques

Statistiques générales
  • Ce quiz a été pris 138 fois
  • Le résultat moyen est 5 sur 10
Statistiques - réponses
Ville
Population
(en milliers)
% Correct
Vienne 1 775
100%
Salzbourg 146
93%
Graz 669
77%
Innsbruck 124
77%
Linz 193
73%
Villach 60
26%
Sankt Pölten 52
25%
Wels 59
13%
Dornbirn 46
10%
Klagenfurt am Wörthersee 96
6%
Aucun quiz correspondant
Distribution des résultats
% des personnes avec chaque résultat
Percentile par nombre de réponses
Votre historique - résultats
Vous n’avez pas pris ce quiz